[Event "CHN League Women 2019"]
[Site "Daqing CHN"]
[Date "2019.06.21"]
[Round "3.3"]
[Board "1"]
[White "Ren, Xiaoyi"]
[Black "Xiao, Yiyi"]
[Result "1/2-1/2"]
[BlackTitle "WFM"]
[WhiteElo "2255"]
[BlackElo "2356"]
[WhiteTeam "Chengdu"]
[BlackTeam "Tianjin"]
[WhiteFideId "8608709"]
[BlackFideId "8606161"]
[EventDate "2019.06.19"]
[EventType "team"]

1. d4 d5 2. c4 c6 3. cxd5 cxd5 4. Bf4 Nc6 5. Nc3 Nf6 6. Nf3 Bf5 7. e3 e6 8. Bd3
Bxd3 9. Qxd3 Bd6 10. Bxd6 Qxd6 11. O-O O-O 12. Rac1 Rfc8 13. Ne2 Na5 14. Qb1 a6
15. Rxc8+ Rxc8 16. Rc1 Rxc1+ 17. Qxc1 Qc6 18. Qxc6 Nxc6 19. Kf1 h6 20. h3 Kf8
21. Ke1 Ne4 22. Nc3 Nxc3 23. bxc3 Ke7 24. Kd2 Kd6 25. Kc2 b6 26. Nd2 Na5 27. Nb3
Nc4 28. Nd2 Na5 29. Nb3 Nc4 30. Nd2 Na5 1/2-1/2

[Event "CHN League Women 2019"]
[Site "Daqing CHN"]
[Date "2019.06.21"]
[Round "3.3"]
[Board "2"]
[White "Chu, Ruotong"]
[Black "Wei, Yaqing"]
[Result "1-0"]
[WhiteTitle "WIM"]
[BlackTitle "WCM"]
[WhiteElo "2204"]
[BlackElo "1612"]
[WhiteTeam "Tianjin"]
[BlackTeam "Chengdu"]
[WhiteFideId "8605653"]
[BlackFideId "8616787"]
[EventDate "2019.06.19"]
[EventType "team"]

1. d4 Nf6 2. c4 e6 3. g3 Bb4+ 4. Bd2 a5 5. Bg2 O-O 6. Nf3 d5 7. Qc2 c6 8. O-O
Nbd7 9. Bxb4 axb4 10. Nbd2 Re8 11. Qb3 Qa5 12. a3 Qa4 13. Qxb4 b5 14. cxb5 cxb5
15. Qb3 Ba6 16. Rfc1 Rec8 17. e3 Ne8 18. Bf1 Qxb3 19. Nxb3 Nd6 20. Rxc8+ Bxc8
21. Ne1 Nb6 22. Nd3 Ndc4 23. Nbc5 h6 24. Rc1 f6 25. Rc2 e5 26. dxe5 fxe5 27. e4
dxe4 28. Nxe4 Bf5 29. f3 Rd8 30. Ndf2 Rd5 31. Be2 Kf7 32. a4 Nd6 33. Nxd6+ Rxd6
34. Rc7+ Kf8 35. Bxb5 Rd2 36. a5 Nd5 37. Rc5 Be6 38. Nd3 e4 39. fxe4 Ne3 40. Nf4
Bg4 41. h3 Bd1 42. Rc3 Rxb2 43. Bc6 Nc2 44. a6 Ra2 45. Bb5 Nb4 46. Rc8+ Ke7 47.
Nd5+ Nxd5 48. exd5 Bb3 49. Rc7+ Kd6 50. Rxg7 Kxd5 51. Rg6 Kc5 52. Bf1 h5 53.
Rg5+ Kd4 54. Rxh5 Ke3 55. Rf5 Ra1 56. h4 Bc4 57. Rf6 Bd5 58. Kh2 Bf3 59. Bg2 Bg4
60. Rf4 Bc8 61. Bb7 Ra2+ 62. Kg1 Bh3 63. h5 Ra1+ 64. Kh2 Bd7 65. h6 Ra2+ 66. Kg1
Bb5 67. h7 Ra1+ 68. Kh2 Ra2+ 69. Bg2 Bc6 70. h8=Q Rxg2+ 71. Kh3 Ra2 72. Qd4+ Ke2
73. Rf2+ Ke1 74. Rxa2 Kf1 75. Qf2# 1-0

[Event "CHN League Women 2019"]
[Site "Daqing CHN"]
[Date "2019.06.21"]
[Round "3.3"]
[Board "3"]
[White "Chen, Hongbei"]
[Black "Liu, Hongyan"]
[Result "1-0"]
[WhiteElo "1540"]
[BlackElo "2058"]
[WhiteTeam "Chengdu"]
[BlackTeam "Tianjin"]
[WhiteFideId "8612722"]
[BlackFideId "8604789"]
[EventDate "2019.06.19"]
[EventType "team"]

1. e4 c5 2. Nc3 Nc6 3. Nf3 e6 4. d4 cxd4 5. Nxd4 Nf6 6. g3 Bb4 7. Bg2 Qa5 8. Ne2
d5 9. O-O Bxc3 10. Nxc3 d4 11. Ne2 e5 12. c3 Bg4 13. f3 Be6 14. cxd4 exd4 15.
Qd2 Qb6 16. Kh1 O-O 17. b3 a5 18. Nf4 a4 19. Ba3 Rfe8 20. Nxe6 Rxe6 21. b4 Rd8
22. Rfc1 d3 23. Rc3 Nh5 24. Bh3 Rh6 25. Kg2 Qd4 26. b5 Ne5 27. Bc5 Nxf3 28. Kxf3
Rf6+ 29. Kg2 Qxe4+ 30. Kg1 b6 1-0

[Event "CHN League Women 2019"]
[Site "Daqing CHN"]
[Date "2019.06.21"]
[Round "3.4"]
[Board "1"]
[White "Song, Yuxin"]
[Black "Ning, Kaiyu"]
[Result "1-0"]
[WhiteTitle "WIM"]
[BlackTitle "WFM"]
[WhiteElo "2308"]
[BlackElo "2306"]
[WhiteTeam "Beijing"]
[BlackTeam "Shandong"]
[WhiteFideId "8614300"]
[BlackFideId "8614750"]
[EventDate "2019.06.19"]
[EventType "team"]

1. e4 e6 2. d4 d5 3. Nd2 c5 4. exd5 Qxd5 5. Ngf3 cxd4 6. Bc4 Qd6 7. O-O Nf6 8.
Nb3 Nc6 9. Nbxd4 Nxd4 10. Nxd4 a6 11. Bb3 Qc7 12. Re1 Bd6 13. Nf5 Bxh2+ 14. Kh1
O-O 15. Nxg7 Rd8 16. Qf3 Kxg7 17. Bh6+ Kg6 18. c3 Nh5 19. Be3 f5 20. g4 Nf6 21.
gxf5+ exf5 22. Qg2+ Ng4 23. f3 b5 24. Bd4 Bb7 25. Re6+ Kg5 26. Bf6+ Kf4 27. Rf1
Bg3 28. Re4+ Bxe4 29. fxe4+ Bf2 30. Rxf2+ Nxf2+ 31. Qxf2+ Kxe4 32. Qe2+ 1-0

[Event "CHN League Women 2019"]
[Site "Daqing CHN"]
[Date "2019.06.21"]
[Round "3.4"]
[Board "2"]
[White "Yan, Tianqi"]
[Black "Wang, Yu A."]
[Result "0-1"]
[BlackTitle "IM"]
[WhiteElo "2036"]
[BlackElo "2280"]
[WhiteTeam "Shandong"]
[BlackTeam "Beijing"]
[WhiteFideId "8615250"]
[BlackFideId "8601097"]
[EventDate "2019.06.19"]
[EventType "team"]

1. e4 e5 2. Nf3 Nc6 3. Bb5 Nd4 4. Nxd4 exd4 5. Bc4 Qh4 6. Qf3 Nf6 7. d3 d5 8.
exd5 Bd6 9. Bb5+ Kf8 10. Qe2 a6 11. Ba4 b5 12. Bb3 Bg4 13. Qd2 Re8+ 14. Kf1 Re2
15. Qxe2 Bxe2+ 16. Kxe2 Qg4+ 0-1

[Event "CHN League Women 2019"]
[Site "Daqing CHN"]
[Date "2019.06.21"]
[Round "3.4"]
[Board "3"]
[White "Liu, Xianglin"]
[Black "Wang, Xiyue"]
[Result "1-0"]
[WhiteElo "2188"]
[BlackElo "1502"]
[WhiteTeam "Beijing"]
[BlackTeam "Shandong"]
[WhiteFideId "8602409"]
[BlackFideId "8627711"]
[EventDate "2019.06.19"]
[EventType "team"]

1. d4 Nf6 2. Bf4 e6 3. e3 d5 4. Nf3 c5 5. c3 Nc6 6. Nbd2 cxd4 7. exd4 Be7 8. Bd3
O-O 9. O-O Nh5 10. Be3 f5 11. Ne5 Nf6 12. Ndf3 Nd7 13. Nxc6 bxc6 14. b4 a5 15.
a3 Ba6 16. Re1 Bxd3 17. Qxd3 Bf6 18. Bd2 Re8 19. c4 axb4 20. axb4 Rxa1 21. Rxa1
c5 22. cxd5 e5 23. dxe5 Nxe5 24. Nxe5 Rxe5 25. d6 Re6 26. Qc4 Qxd6 27. Re1 Kf7
28. bxc5 Qd7 29. Bf4 g5 30. Bd6 Be7 31. Qd5 Bf6 32. h4 gxh4 33. Kh2 Qe8 34. c6
h6 35. c7 Qc8 36. Qxe6+ Qxe6 37. Rxe6 Kxe6 38. c8=Q+ 1-0

[Event "CHN League Women 2019"]
[Site "Daqing CHN"]
[Date "2019.06.21"]
[Round "3.5"]
[Board "1"]
[White "Zhai, Mo"]
[Black "Jiang, Zhaoyi"]
[Result "1-0"]
[WhiteTitle "WGM"]
[BlackTitle "WCM"]
[WhiteElo "2358"]
[BlackElo "1952"]
[WhiteTeam "Hebei"]
[BlackTeam "Heilongjiang"]
[WhiteFideId "8600201"]
[BlackFideId "8611050"]
[EventDate "2019.06.19"]
[EventType "team"]

1. d4 d5 2. c4 c6 3. cxd5 cxd5 4. Bf4 Nc6 5. e3 Nf6 6. Nc3 a6 7. Be2 Qb6 8. a3
Bf5 9. Na4 Qa5+ 10. b4 Qd8 11. Nc5 Qb6 12. Nf3 e6 13. O-O Be7 14. Ne5 Ne4 15.
Na4 Qa7 16. Nxc6 bxc6 17. Rc1 Qb7 18. Bd3 Bg6 19. Qc2 Rc8 20. Qe2 Ra8 21. Qc2
Rc8 22. f3 Nf6 23. Nc5 Bxd3 24. Qxd3 Qb5 25. Rfd1 Ra8 26. Nb3 Kd7 27. h3 Rhc8
28. Na5 Bd8 29. Qc3 Ne8 30. Qc2 g6 31. Nb3 Be7 32. Nc5+ Kd8 33. Nd3 f6 34. Nc5
Ng7 35. g4 Ra7 36. Bh6 Bxc5 37. bxc5 Qa5 38. Rb1 Qxa3 39. Qd2 Ne8 40. Ra1 Qb3
41. Rdb1 Qc4 42. Rb4 1-0

[Event "CHN League Women 2019"]
[Site "Daqing CHN"]
[Date "2019.06.21"]
[Round "3.6"]
[Board "1"]
[White "Li, Xinyang"]
[Black "Qiu, Mengjie"]
[Result "0-1"]
[BlackTitle "WIM"]
[WhiteElo "1400"]
[BlackElo "2199"]
[WhiteTeam "Qingdao"]
[BlackTeam "Zhejiang"]
[WhiteFideId "8622477"]
[BlackFideId "8606137"]
[EventDate "2019.06.19"]
[EventType "team"]

1. e4 c6 2. d4 d5 3. Nd2 dxe4 4. Nxe4 Bf5 5. Ng3 Bg6 6. Nf3 e6 7. c3 Nf6 8. Bc4
Nbd7 9. Qe2 Bd6 10. Nh4 Nb6 11. Nxg6 hxg6 12. Bb3 Nbd5 13. c4 Nf4 14. Bxf4 Bxf4
15. Qd3 Qa5+ 16. Qc3 Qxc3+ 17. bxc3 Bxg3 18. fxg3 Ne4 19. Ke2 a5 20. Bc2 Nd6 21.
c5 Nb5 22. Kd3 O-O-O 23. a4 Nc7 24. Ke2 e5 25. Rad1 exd4 26. cxd4 Ne6 27. Ke3
Rhe8 28. Kf2 Nxd4 29. Rd2 Nxc2 30. Rxc2 Rd4 31. Ra1 Ree4 32. Ra3 Rxa4 33. Rxa4
Rxa4 34. Ke3 Kc7 35. Kd3 b6 36. cxb6+ Kxb6 37. Rf2 f5 38. Re2 Re4 39. Rb2+ Rb4
40. Re2 a4 41. Re8 Rb5 42. Kc3 c5 43. Re6+ Ka5 44. Re8 Rb6 45. Ra8+ Kb5 46. Kb2
Kb4 47. Ra7 c4 48. Rxg7 c3+ 49. Kc2 a3 50. Ra7 Rb5 51. Ra8 Ra5 52. Rxa5 Kxa5 53.
Kxc3 a2 54. Kb2 Kb4 55. Kxa2 Kc3 56. Kb1 Kd3 57. Kc1 Ke3 58. Kd1 Kf2 59. Kd2
Kxg2 60. Ke2 Kxh2 61. Kf2 Kh3 62. Kf3 g5 63. Kf2 g4 64. Kg1 Kxg3 65. Kh1 Kf2 66.
Kh2 g3+ 0-1

[Event "CHN League Women 2019"]
[Site "Daqing CHN"]
[Date "2019.06.21"]
[Round "3.6"]
[Board "2"]
[White "Bai, Xue"]
[Black "Chen, Qianru"]
[Result "1-0"]
[WhiteElo "2093"]
[BlackElo "1255"]
[WhiteTeam "Zhejiang"]
[BlackTeam "Qingdao"]
[WhiteFideId "8608717"]
[BlackFideId "8620350"]
[EventDate "2019.06.19"]
[EventType "team"]

1. e4 e6 2. d4 d5 3. Nc3 Nf6 4. e5 Nfd7 5. f4 c5 6. Nf3 Nc6 7. Ne2 cxd4 8. Nexd4
Nxd4 9. Nxd4 Be7 10. c3 O-O 11. Bd3 Bh4+ 12. g3 Be7 13. O-O Re8 14. Be3 Nc5 15.
Bc2 Bf8 16. Qe2 b6 17. Rfd1 Ba6 18. Qg4 Qc7 19. Nf3 Be2 20. Bxh7+ Kh8 21. Qh3
Bd6 22. exd6 Qxd6 23. Bd3+ Kg8 24. Qh7+ Kf8 25. Bxe2 g6 26. Ng5 Qc7 27. Bd4 Nd7
28. Qxf7# 1-0

[Event "CHN League Women 2019"]
[Site "Daqing CHN"]
[Date "2019.06.21"]
[Round "3.8"]
[Board "1"]
[White "Hu, Yue"]
[Black "Kuang, Yinghui"]
[Result "0-1"]
[BlackTitle "WIM"]
[WhiteElo "2034"]
[BlackElo "2200"]
[WhiteTeam "Wuxi"]
[BlackTeam "Shenzhen"]
[WhiteFideId "8610339"]
[BlackFideId "8600988"]
[EventDate "2019.06.19"]
[EventType "team"]

1. e4 Nf6 2. e5 Nd5 3. d4 d6 4. c4 Nb6 5. exd6 cxd6 6. Be3 Nc6 7. Nc3 g6 8. Rc1
Bg7 9. Be2 O-O 10. Nf3 Bg4 11. b3 d5 12. c5 Nc8 13. O-O e6 14. b4 a6 15. Qd2
N8e7 16. b5 axb5 17. Nxb5 Nf5 18. Rb1 Qa5 19. Rb2 Qxd2 20. Rxd2 Ra4 21. Rb1 Rfa8
22. Nc7 Rc8 23. Bd1 Ra5 24. Nb5 Raa8 25. Nh4 Nxe3 26. fxe3 Bxd1 27. Rbxd1 Bh6
28. Re2 Rcb8 29. Nd6 b6 30. e4 bxc5 31. dxc5 d4 32. Nf3 Be3+ 33. Kf1 Rb4 34. e5
Rba4 35. Ra1 g5 36. Ne4 h6 37. Nf6+ Kg7 38. Ng4 Bf4 39. Rd1 h5 40. Nf6 Kg6 41.
g4 hxg4 42. Nxg4 Rc4 43. h4 gxh4 44. Nxh4+ Kg5 45. Ng2 d3 46. Rxd3 Kxg4 0-1

[Event "CHN League Women 2019"]
[Site "Daqing CHN"]
[Date "2019.06.21"]
[Round "3.8"]
[Board "2"]
[White "Xu, Tong"]
[Black "Wang, Xuwen"]
[Result "1-0"]
[WhiteTitle "WIM"]
[WhiteElo "2131"]
[BlackElo "1837"]
[WhiteTeam "Shenzhen"]
[BlackTeam "Wuxi"]
[WhiteFideId "8601739"]
[BlackFideId "8617848"]
[EventDate "2019.06.19"]
[EventType "team"]

1. e4 e6 2. d3 d5 3. Qe2 Nf6 4. Nf3 c5 5. g3 Nc6 6. Bg2 Be7 7. O-O O-O 8. e5 Nd7
9. Re1 b5 10. h4 Bb7 11. Nbd2 a5 12. Nf1 a4 13. a3 b4 14. h5 bxa3 15. bxa3 Ba6
16. N1h2 c4 17. d4 c3 18. Qe3 Rc8 19. h6 g6 20. Ng4 Na5 21. Qf4 Nb3 22. Rb1 Nxc1
23. Qxc1 Rb8 24. Qe3 Qc7 25. Ng5 Rb2 26. Rbc1 Rb6 27. f4 Bxa3 28. Ra1 Bb2 29.
Rxa4 Bb5 30. Rb4 Qc6 31. f5 Bc4 32. Rxb6 Qxb6 33. fxe6 fxe6 34. Nf6+ Nxf6 35.
exf6 Rxf6 36. Qe5 Qd8 37. Nxe6 Qe7 38. Qb8+ Rf8 39. Qxf8+ Qxf8 40. Nxf8 Kxf8 41.
Bf1 Ba2 42. Bd3 Kf7 43. Rf1+ Kg8 44. Kg2 g5 45. Kh3 1-0

[Event "CHN League Women 2019"]
[Site "Daqing CHN"]
[Date "2019.06.22"]
[Round "4.1"]
[Board "1"]
[White "Ju, Wenjun"]
[Black "Shen, Yang"]
[Result "1-0"]
[WhiteTitle "GM"]
[BlackTitle "IM"]
[WhiteElo "2592"]
[BlackElo "2419"]
[WhiteTeam "Shanghai"]
[BlackTeam "Jiangsu"]
[WhiteFideId "8603006"]
[BlackFideId "8603162"]
[EventDate "2019.06.19"]
[EventType "team"]

1. d4 d5 2. c4 e6 3. Nf3 c6 4. Nbd2 Nf6 5. g3 Be7 6. Bg2 Nbd7 7. Qc2 b6 8. O-O
Bb7 9. e4 dxe4 10. Nxe4 O-O 11. Rd1 Qc8 12. Nxf6+ Nxf6 13. c5 Rd8 14. Bd2 h6 15.
Rac1 Nd5 16. Ne5 Qc7 17. b4 bxc5 18. bxc5 Ba6 19. Re1 Bf6 20. Be4 Rab8 21. Qa4
Bb5 22. Qa3 Qe7 23. Qf3 Ba4 24. Bb1 Qf8 25. Ba5 Bxe5 26. dxe5 Rd7 27. Qe4 Rxb1
28. Rxb1 Bb5 29. a4 Ba6 30. Qc2 Ne7 31. Red1 Nd5 32. Rb3 Re7 33. Rdb1 Re8 34.
R1b2 Rc8 35. Be1 Rd8 36. Qc1 Rc8 37. Qd2 Qd8 38. h4 Qc7 39. f4 h5 40. Qa5 Qxa5
41. Bxa5 Kh7 42. Rb8 Rxb8 43. Rxb8 Bd3 44. Rc8 Bc2 45. Rxc6 Bxa4 46. Ra6 Kg6 47.
Rxa7 f6 48. Kf2 Bb5 49. Be1 Bc6 50. Ra6 Ne7 51. Ra7 Nd5 52. Ke2 Bb5+ 53. Kd1 Bc6
54. Bd2 Bb5 55. Kc2 f5 56. Kb3 Kh7 57. Ra5 Bc6 58. Ra6 Ne7 59. Kb4 Kg6 60. Rxc6
Nxc6+ 61. Kb5 1-0

[Event "CHN League Women 2019"]
[Site "Daqing CHN"]
[Date "2019.06.22"]
[Round "4.1"]
[Board "2"]
[White "Guo, Qi"]
[Black "Ni, Shiqun"]
[Result "1/2-1/2"]
[WhiteTitle "IM"]
[BlackTitle "WGM"]
[WhiteElo "2367"]
[BlackElo "2416"]
[WhiteTeam "Jiangsu"]
[BlackTeam "Shanghai"]
[WhiteFideId "8604002"]
[BlackFideId "8608466"]
[EventDate "2019.06.19"]
[EventType "team"]

1. d4 Nf6 2. c4 g6 3. Nc3 d5 4. cxd5 Nxd5 5. e4 Nxc3 6. bxc3 Bg7 7. Qa4+ Qd7 8.
Bb5 c6 9. Be2 c5 10. Bb5 Nc6 11. Nf3 O-O 12. O-O Qc7 13. Ba3 cxd4 14. Bxc6 bxc6
15. cxd4 Bg4 16. Ne5 Bxe5 17. dxe5 Qxe5 18. Qxc6 Rac8 19. Qd5 Qxd5 20. exd5 Rfd8
21. h3 Be2 22. Rfc1 Rxc1+ 23. Rxc1 Rxd5 24. Rc8+ Kg7 25. Bxe7 Bb5 26. Bb4 Kf6
27. Rc7 Rd7 28. Rxd7 Bxd7 29. f3 h5 30. h4 Ke6 31. Kf2 Kd5 1/2-1/2

[Event "CHN League Women 2019"]
[Site "Daqing CHN"]
[Date "2019.06.22"]
[Round "4.1"]
[Board "3"]
[White "Zhang, Xiaowen"]
[Black "Zhang, Xiao"]
[Result "1/2-1/2"]
[WhiteTitle "WGM"]
[WhiteElo "2314"]
[BlackElo "2234"]
[WhiteTeam "Shanghai"]
[BlackTeam "Jiangsu"]
[WhiteFideId "8603219"]
[BlackFideId "8610894"]
[EventDate "2019.06.19"]
[EventType "team"]

1. e4 c6 2. d4 d5 3. Nd2 dxe4 4. Nxe4 Bf5 5. Ng3 Bg6 6. h4 h6 7. Nf3 Nd7 8. h5
Bh7 9. Bd3 Bxd3 10. Qxd3 e6 11. Bd2 Ngf6 12. O-O-O Be7 13. Ne4 Nxe4 14. Qxe4 Nf6
15. Qd3 O-O 16. g4 Nxg4 17. Rhg1 Nxf2 18. Qe2 Nxd1 19. Bxh6 Bf6 20. Bxg7 Bxg7
21. h6 Qf6 22. Rxg7+ Kh8 23. Ng5 Qxh6 24. Rh7+ Qxh7 25. Nxh7 Kxh7 26. Qh5+ Kg7
27. Qg5+ Kh7 28. Qh5+ Kg7 29. Qg5+ Kh7 30. Qh5+ Kg7 31. Qg5+ 1/2-1/2

[Event "CHN League Women 2019"]
[Site "Daqing CHN"]
[Date "2019.06.22"]
[Round "4.2"]
[Board "1"]
[White "Song, Yuxin"]
[Black "Gu, Tianlu"]
[Result "1/2-1/2"]
[WhiteTitle "WIM"]
[BlackTitle "WIM"]
[WhiteElo "2308"]
[BlackElo "2183"]
[WhiteTeam "Beijing"]
[BlackTeam "Hangzhou"]
[WhiteFideId "8614300"]
[BlackFideId "8603995"]
[EventDate "2019.06.19"]
[EventType "team"]

1. e4 e5 2. Nf3 Nc6 3. Nc3 Nf6 4. d4 exd4 5. Nxd4 Bb4 6. Nxc6 bxc6 7. Bd3 d5 8.
exd5 cxd5 9. O-O O-O 10. Bg5 c6 11. Qf3 Bd6 12. Bxf6 Qxf6 13. Qxf6 gxf6 14. Ne2
Bd7 15. Rad1 Rab8 16. b3 Rfe8 17. Ng3 Be5 18. Rfe1 Bc3 19. Rxe8+ Rxe8 20. Ne2
Be5 21. c4 h6 22. Ng3 Be6 23. cxd5 cxd5 24. Nf5 Bxf5 25. Bxf5 Bc3 26. Bd3 a5 27.
g4 Kf8 28. Kg2 Re1 29. Rxe1 Bxe1 30. Kf3 Ke7 31. Ke2 Bc3 1/2-1/2

[Event "CHN League Women 2019"]
[Site "Daqing CHN"]
[Date "2019.06.22"]
[Round "4.2"]
[Board "2"]
[White "Zhou, Zirun"]
[Black "Wang, Yu A."]
[Result "1/2-1/2"]
[BlackTitle "IM"]
[WhiteElo "2141"]
[BlackElo "2280"]
[WhiteTeam "Hangzhou"]
[BlackTeam "Beijing"]
[WhiteFideId "8610975"]
[BlackFideId "8601097"]
[EventDate "2019.06.19"]
[EventType "team"]

1. d4 d5 2. c4 Bf5 3. Nc3 e6 4. Nf3 Nc6 5. cxd5 exd5 6. Bf4 Nf6 7. e3 Ne4 8. Bb5
Bb4 9. Bxc6+ bxc6 10. Qa4 Bxc3+ 11. bxc3 Bd7 12. Qa5 Nd6 13. O-O f6 14. Nd2 g5
15. Bg3 h5 16. e4 h4 17. Bxd6 cxd6 18. Qa3 Qc7 19. exd5 cxd5 20. Rfe1+ Kf7 21.
c4 dxc4 22. Ne4 Kg6 23. Nxd6 h3 24. Rac1 Qc6 25. f3 hxg2 26. Rxc4 Qd5 27. Re7
Bf5 28. Qc5 Qxf3 29. Qxf5+ Qxf5 30. Nxf5 Kxf5 1/2-1/2

[Event "CHN League Women 2019"]
[Site "Daqing CHN"]
[Date "2019.06.22"]
[Round "4.2"]
[Board "3"]
[White "Liu, Xianglin"]
[Black "Zhao, Shengxin"]
[Result "1/2-1/2"]
[BlackTitle "WFM"]
[WhiteElo "2188"]
[BlackElo "2135"]
[WhiteTeam "Beijing"]
[BlackTeam "Hangzhou"]
[WhiteFideId "8602409"]
[BlackFideId "8608040"]
[EventDate "2019.06.19"]
[EventType "team"]

1. d4 d6 2. e4 Nf6 3. Nc3 g6 4. Nf3 Bg7 5. h3 O-O 6. Be3 c6 7. Qd2 b5 8. Bd3 Re8
9. Bh6 Bh8 10. O-O a5 11. e5 dxe5 12. dxe5 Nd5 13. Nxd5 Qxd5 14. Qf4 Nd7 15.
Rfe1 Nc5 16. Be4 Nxe4 17. Rxe4 c5 18. Re2 Bb7 19. Rd2 Qe4 20. Re1 Qxf4 21. Bxf4
e6 22. Ng5 Red8 23. Red1 Rxd2 24. Rxd2 Bd5 25. b3 h6 26. Nf3 g5 27. Bg3 Bg7 28.
Nh2 h5 29. Nf1 Bf8 30. Ne3 Bc6 1/2-1/2

[Event "CHN League Women 2019"]
[Site "Daqing CHN"]
[Date "2019.06.22"]
[Round "4.3"]
[Board "1"]
[White "Zhou, Guijue"]
[Black "Zhai, Mo"]
[Result "0-1"]
[WhiteTitle "WIM"]
[BlackTitle "WGM"]
[WhiteElo "2171"]
[BlackElo "2358"]
[WhiteTeam "Hunan"]
[BlackTeam "Hebei"]
[WhiteFideId "8602905"]
[BlackFideId "8600201"]
[EventDate "2019.06.19"]
[EventType "team"]

1. e4 e6 2. d4 d5 3. Nd2 Be7 4. Ngf3 Nf6 5. exd5 exd5 6. Bd3 O-O 7. O-O Re8 8.
Re1 Nbd7 9. c3 Bd6 10. Nf1 Nf8 11. Bg5 Rxe1 12. Qxe1 Ne6 13. Bh4 Nf4 14. Bc2 Bg4
15. Ne5 Bh5 16. Qe3 Ng6 17. Bxf6 gxf6 18. Nd3 Bg4 19. Ng3 Qe7 20. Re1 Qxe3 21.
Rxe3 f5 22. Re1 f4 23. Nf1 Kg7 24. Nd2 Kf6 25. c4 c6 26. c5 Bc7 27. f3 Bf5 28.
Kf2 a5 29. b3 b6 30. Bb1 Bxd3 31. Bxd3 bxc5 32. dxc5 Be5 33. Bxg6 hxg6 34. Ke2
Rb8 35. Kd3 Bb2 36. Nb1 Rb5 37. Re2 Bc1 38. Nc3 Rb8 39. Rc2 Be3 40. h3 Ke7 41.
Nd1 Bg1 42. Nf2 a4 43. Kc3 axb3 44. axb3 Bxf2 45. Rxf2 Ra8 46. Re2+ Kd7 47. Rd2
Ra5 48. b4 Ra3+ 49. Kb2 Re3 50. h4 Ke6 51. Rc2 d4 52. Rc1 Kd5 53. b5 cxb5 54. c6
Re8 55. Kb3 d3 56. c7 Rc8 57. Kb2 Kd4 58. Rc6 Ke3 59. Rc5 d2 60. Kc2 Ke2 61.
Re5+ Kf2 62. Re7 Kxg2 63. Rxf7 Kxf3 64. Kxd2 Kg3 65. Ke2 Re8+ 66. Kf1 Kf3 67.
Rg7 Rc8 68. Kg1 b4 69. Rxg6 Rxc7 70. Rb6 Kg3 71. Kf1 Rc1+ 72. Ke2 f3+ 73. Kd2 f2
74. Rg6+ Kxh4 75. Kxc1 f1=Q+ 76. Kb2 Qe2+ 77. Kc1 Qe3+ 78. Kb2 Qc3+ 79. Kb1 Qd3+ 0-1

[Event "CHN League Women 2019"]
[Site "Daqing CHN"]
[Date "2019.06.22"]
[Round "4.3"]
[Board "2"]
[White "Yang, Yijing"]
[Black "Yu, Moqi"]
[Result "1-0"]
[WhiteTitle "WCM"]
[WhiteElo "2135"]
[BlackElo "2078"]
[WhiteTeam "Hebei"]
[BlackTeam "Hunan"]
[WhiteFideId "8608601"]
[BlackFideId "8604533"]
[EventDate "2019.06.19"]
[EventType "team"]

1. d4 d5 2. c4 e6 3. Nc3 Nf6 4. Nf3 Be7 5. Bf4 O-O 6. e3 c5 7. dxc5 Bxc5 8. Qc2
Nc6 9. a3 dxc4 10. Bxc4 h6 11. Rd1 Bd7 12. O-O a6 13. Ba2 Ba7 14. Ne5 Nxe5 15.
Bxe5 Ng4 16. Bd6 Bb8 17. Bb1 f5 18. Qb3 Bxd6 19. Rxd6 Qc7 20. Rfd1 Rad8 21. h3
Ne5 22. Nd5 exd5 23. Qxd5+ Kh8 24. Qxe5 Rf6 25. Qd4 Qxd6 26. Qxd6 Rxd6 27. Rxd6
Rc8 28. Rxd7 Rc1+ 29. Kh2 Rxb1 30. Rxb7 a5 31. Kg3 Kh7 32. Kf4 Rf1 33. f3 Rf2
34. g4 fxg4 35. hxg4 Kg6 36. e4 a4 37. Rb4 Kf6 38. e5+ Ke6 39. Rxa4 Rxb2 40.
Ra6+ Kf7 41. Kf5 Rb3 42. Ra7+ Kf8 43. f4 Rb5 44. a4 Rb6 45. e6 Rb4 46. Rf7+ Kg8
47. Kg6 Rxa4 48. Rxg7+ Kh8 49. Rf7 Kg8 50. e7 1-0

[Event "CHN League Women 2019"]
[Site "Daqing CHN"]
[Date "2019.06.22"]
[Round "4.3"]
[Board "3"]
[White "Hong, Xing"]
[Black "Li, Zimeng"]
[Result "0-1"]
[WhiteElo "1986"]
[BlackElo "1572"]
[WhiteTeam "Hunan"]
[BlackTeam "Hebei"]
[WhiteFideId "8606129"]
[BlackFideId "8624500"]
[EventDate "2019.06.19"]
[EventType "team"]

1. c4 c5 2. b3 b6 3. Bb2 Bb7 4. Nf3 Nf6 5. e3 e6 6. d4 cxd4 7. exd4 d5 8. Nbd2
Nc6 9. Ne5 dxc4 10. Bxc4 a6 11. Nxc6 Bxc6 12. Qe2 b5 13. Bd3 Bxg2 14. Rg1 Bd5
15. O-O-O g6 16. Kb1 Bg7 17. Ba3 Qa5 18. Bc5 Nd7 19. Be4 Nxc5 20. Bxd5 Rd8 21.
dxc5 Rxd5 22. Ne4 O-O 23. Qc2 Qc7 24. Rg3 Qe5 25. Nc3 Rxc5 26. Rdd3 b4 27. Rde3
Qc7 0-1

[Event "CHN League Women 2019"]
[Site "Daqing CHN"]
[Date "2019.06.22"]
[Round "4.4"]
[Board "1"]
[White "Qiu, Mengjie"]
[Black "Liu, Manli"]
[Result "1/2-1/2"]
[WhiteTitle "WIM"]
[WhiteElo "2199"]
[BlackElo "2159"]
[WhiteTeam "Zhejiang"]
[BlackTeam "Guangdong"]
[WhiteFideId "8606137"]
[BlackFideId "8608121"]
[EventDate "2019.06.19"]
[EventType "team"]

1. e4 e6 2. d4 d5 3. exd5 exd5 4. Nf3 Bd6 5. c4 Nf6 6. c5 Be7 7. Nc3 b6 8. Be3
O-O 9. b4 c6 10. Bd3 Qc7 11. h3 Nbd7 12. O-O a5 13. a3 Bb7 14. Qd2 axb4 15. axb4
Rxa1 16. Rxa1 Ra8 17. Rxa8+ Bxa8 18. Qa2 Bb7 19. Qa7 b5 20. g3 Qc8 21. Kg2 Ba6
22. Ne5 g6 23. Bg5 Kf8 24. Bxf6 Nxf6 25. Qb6 Bb7 26. Nxb5 cxb5 27. Bxb5 Bd8 28.
Qd6+ Be7 29. Qb6 Bd8 30. Qa7 Bc7 31. c6 Ba8 32. Ba6 Qb8 33. Qxb8+ Bxb8 34. b5
Bc7 35. Kf3 Ke7 36. Ke3 h6 37. g4 Ke6 38. Bc8+ Ke7 39. f3 Kd8 40. Ba6 Ke7 41.
Kd3 Ne8 42. Bb7 Bxb7 43. cxb7 Nd6 44. b6 Nxb7 45. bxc7 Nd6 46. Nc6+ Kd7 47. Nb4
Ke6 48. h4 Nc8 49. Nc6 f6 50. Nd8+ Kd7 51. Nf7 h5 52. gxh5 gxh5 53. Nh6 Kxc7 54.
Ng8 Kd6 55. Nxf6 Ne7 56. Ne8+ Ke6 57. Ng7+ Kd6 58. f4 Ng6 59. f5 Nxh4 60. Ke3
Ng2+ 61. Kf2 Nf4 62. Kf3 Nd3 63. Nxh5 Ne1+ 64. Ke2 Nc2 65. Kd3 Ne1+ 66. Kd2 Nf3+
67. Ke3 Ne1 68. Nf4 Nc2+ 69. Kd3 Nb4+ 70. Kc3 Nc6 71. Ng6 Na7 72. Ne5 Ke7 73.
Kb4 Kf6 74. Kc5 Kxf5 75. Nd7 Ke4 76. Nf6+ Kd3 77. Nxd5 Nc6 78. Nf4+ Ke4 79. d5
Nb8 80. Ne6 Na6+ 81. Kc4 Ke5 82. Nd8 Kd6 83. Nb7+ Kc7 84. Nc5 Nxc5 85. Kxc5 Kd7
86. d6 Kd8 1/2-1/2